| 000 | 00474nam a22001577a 4500 | ||
|---|---|---|---|
| 020 | _a9780857199096 | ||
| 040 | _cNUSt | ||
| 082 | _a322.4019,HOU | ||
| 100 |
_aHousel, Morgan _9134450 |
||
| 245 |
_aThe psychology of money: _btimeless lessons on wealth, greed, and happiness / _cMorgan Housel |
||
| 260 |
_aBritish _bHarriman House _c2021 |
||
| 300 | _aviii,242 p.; | ||
| 650 |
_aemotions _9134451 |
||
| 651 |
_afinancial decisions _9134452 |
||
| 942 |
_2ddc _cBK _k322.4019,HOU |
||
| 999 |
_c617442 _d617442 |
||